000 00570nam a2200181Ia 4500
005 20250508160318.0
008 008 250505s9999 xx 000 0 eng d
037 _aTextual
040 _aFEDL
_beng
_cFEDL
041 _aeng
_2eng
084 _a372, NCE
_qFEDL
245 0 _aReport of national seminar on primaryand work-oriented education 1970
260 _aNew Delhi, India
_bNational Council of Educational Research and Training
_c1970
300 _a77p.
650 _aElementary Education
942 _cTEXL
_h372, NCE
999 _c1363571
_d1363571